| 000 | 00623cam a2200241 4500 | ||
|---|---|---|---|
| 001 | J89995 | ||
| 008 | 090401t1998 xxu||||| |||| 00| 0 eng d | ||
| 035 | _a(Sirsi) u84445 | ||
| 041 | _aeng | ||
| 050 | _a711.5520212 | ||
| 110 |
_aIngleby Trice Kennard _93587 |
||
| 245 | _aCity floorspace survey. - January - December 1998 | ||
| 260 |
_aLondon _bIngleby Trice Kennard _c1998 |
||
| 300 | _a1 vol. ; 30cm. | ||
| 350 | _a0 | ||
| 650 | _aCITY OF LONDON | ||
| 650 | _aFLOORSPACE STATISTICS | ||
| 650 | _aLONDON | ||
| 650 | _aOFFICES | ||
| 690 | _aPROPERTY-COMMERCIAL PROPERTY | ||
| 942 | _n0 | ||
| 948 | _c24/02/1998 | ||
| 999 |
_c96944 _d96944 |
||